| 000 | 00582nam a22001937a 4500 | ||
|---|---|---|---|
| 999 |
_c196524 _d196524 |
||
| 005 | 20230714111955.0 | ||
| 010 | _aENG-137383 | ||
| 020 |
_c495.00 _a9788174467096 |
||
| 035 | _aEN-120915 | ||
| 037 | _bDBAD/PUB | ||
| 082 | _a658.0072 | ||
| 245 | 0 | 0 |
_aContemporary issues in management research/ _cEdited by P David Jawahar |
| 260 |
_aNew Delhi _bExcel Books _c2009 |
||
| 270 |
_aA-45 Naraina phase 1 _bNew Delhi _e110028 |
||
| 300 |
_a318p.; _c25cm(hbk) |
||
| 500 | _aIncludes index | ||
| 700 |
_aP David Jawahar _eEdited |
||
| 942 |
_2ddc _cEN _mCON _h658.0072 |
||